| 000 | 01552cam a2200373 a 4500 | ||
|---|---|---|---|
| 999 |
_c232671 _d232671 |
||
| 001 | 3075584 | ||
| 003 | NUST | ||
| 005 | 20180117090023.0 | ||
| 008 | 961112s1996 enka b 001 0 eng d | ||
| 010 | _a 97111507 | ||
| 020 | _a0750627506 (pbk.) | ||
| 035 | _a(OCoLC)35900504 | ||
| 040 |
_aDGU _cDGU _dDLC |
||
| 042 | _alccopycat | ||
| 043 |
_ae-uk--- _ae-gx--- |
||
| 050 | 0 | 0 |
_aHD62.5 _b.S88 1996 |
| 082 | _a338.7 HAR | ||
| 245 | 0 | 0 |
_aSupergrowth companies : _bentrepreneurs in action / _cJohn Harrison and Bernard Taylor with Ann Todd and Mahen Tampoe. |
| 260 |
_aOxford ; _aBoston : _bButterworth-Heinemann, _c1996. |
||
| 300 |
_a219 p. : _bill. ; _c24 cm. |
||
| 504 | _aIncludes bibliographical references (p. 211-214) and index. | ||
| 650 | 0 |
_aNew business enterprises _zGreat Britain _xManagement _xCase studies. |
|
| 650 | 0 |
_aNew business enterprises _zGermany _xManagement _xCase studies. |
|
| 650 | 0 |
_aSuccess in business _xCase studies. |
|
| 650 | 0 | _aEntrepreneurship. | |
| 700 | 1 | _aHarrison, John. | |
| 700 | 1 |
_aTaylor, Bernard, _d1931- |
|
| 856 | 4 | 2 |
_3Publisher description _uhttp://www.loc.gov/catdir/description/els032/97111507.html |
| 856 | 7 |
_3Table of contents _uhttp://lcweb.loc.gov/catdir/toc/97-111507.html _2http |
|
| 906 |
_a7 _bcbc _ccopycat _d2 _encip _f19 _gy-gencatlg |
||
| 942 |
_2ddc _cBK |
||